Представление документа в формате MARC21

Поле Инд. ПП Название Значение
Тип записи a
Библиографический уровень m
001 _ Контрольный номер RU\infra-m\znanium\bibl\1221178
005 _ Дата корректировки 20250915104110.5
008 Кодируемые данные 201204s2020 RU g rus u
020 a ISBN 978-5-16-014002-5
020 a ISBN 978-5-16-106762-8
040 a Служба первич. каталог. Общество с ограниченной ответственностью «ЗНАНИУМ»
041 a Код языка текста rus
044 a Код страны публикации RU
080 a Индекс УДК 364(075.32)
084 2 Источник индекса rubbk
a Индекс другой классификации/Индекс ББК 65.272я723
084 2 Источник индекса okso
a Индекс другой классификации/Индекс ББК 39.02.01
084 2 Источник индекса okso
a Индекс другой классификации/Индекс ББК 31.02.01
100 1_ a Автор Павленок Петр Денисович
q Полное имя Петр Денисович
245 a Заглавие Социальная работа с лицами и группами девиантного поведения
b Продолж. заглавия Учебное пособие
c Ответственность Российский государственный университет туризма и сервиса
250 a Основные сведения об издании 1
260 a Место издания Москва
b Издательство ООО "Научно-издательский центр ИНФРА-М"
c Дата издания 2021
300 a Объем 167 с.
520 a Аннотация В учебном пособии рассматриваются теоретико-методологические проблемы социальной работы с лицами и группами девиантного поведения.
521 a Примеч. о целев. назн. Среднее профессиональное образование
650 a Основная рубрика Политика. Социология
x Основная подрубрика Социальная работа. Социальная политика
700 1_ a Другие авторы Руднева Марина Яковлевна
q Полное имя Марина Яковлевна
852 x Примечание, не предназначенное для пользователя znanium2022
856 4_ a Имя сервера/домена znanium.com
m Помощь ebs_support@infra-m.ru
n Местонахождение сервера НИЦ ИНФРА-М
u URL http://znanium.com/catalog/document?id=368955
z Примечание для пользователя Участвует в КО
856 41 a Имя сервера/домена znanium.com
d Путь /cover/1221
f Электронное имя 1221178.jpg
q Тип электронного формата image/jpeg
u URL https://znanium.com/cover/1221/1221178.jpg